| 000 | 00631nam a2200193 a 4500 | ||
|---|---|---|---|
| 001 | 4668 | ||
| 003 | CDMR | ||
| 005 | 20151019134801.0 | ||
| 008 | 130130s2006||||||||||||||||||||||||||||d | ||
| 020 | _a8488788630 | ||
| 040 |
_aCDMR _bcat _cCDMR |
||
| 245 | 0 | 0 |
_aGuerra Civil y Radio Nacional _b: Salamanca (1936-1938) _cRadio Nacional de España ; [investigación y redacción, Jesús Vivanco Sánchez] |
| 260 |
_aMadrid _c2006 _bIORTV |
||
| 300 |
_a303 p. _bil. |
||
| 650 | 0 | 4 |
_91720 _aRadiodifusió _zEspanya |
| 610 | 2 |
_93198 _aRadio Nacional de España |
|
| 650 | 0 | 4 |
_93196 _aEspanya _xHistòria _y1936-1939, Guerra Civil |
| 942 |
_cMON _2udc |
||
| 999 |
_c4668 _d4668 |
||